书目信息 |
| 题名: |
材料科学研究方法
|
|
| 作者: | 戴起勋 , 赵玉涛 , 罗启富 编著 | |
| 分册: | ||
| 出版信息: | 北京 国防工业出版社 2004.08 |
|
| 页数: | 244页 | |
| 开本: | 26cm | |
| 丛书名: | ||
| 单 册: | ||
| 中图分类: | TB3 | |
| 科图分类: | ||
| 主题词: | 材料科学--教材--高等学校--研究方法 , 工程材料 | |
| 电子资源: | ||
| ISBN: | 7-118-03535-1 | |
| 000 | 00997nam0 2200277 450 | |
| 001 | 0132668894 | |
| 005 | 20051012104333.17 | |
| 010 | @a7-118-03535-1@dCNY20.00 | |
| 100 | @a20041030d2004 km y0chiy0120 ea | |
| 101 | 0 | @achi |
| 102 | @aCN@b110000 | |
| 105 | @aa a 000yy | |
| 200 | 1 | @a材料科学研究方法@Acai liao ke xue yan jiu fang fa@f戴起勋 … [等] 编著@Fdai qi xun…[deng]bian zhu |
| 210 | @a北京@c国防工业出版社@d2004.08 | |
| 215 | @a244页@c图@d26cm | |
| 314 | @a本书作者还有:赵玉涛, 罗启富, 王树奇等。 | |
| 320 | @a有书目 (第242-244页)。 | |
| 330 | @a本书内容包括材料及研究方法的发展中,材料科学的共性,材料组成、制备、结构、性质、环境等要素间系统工程的有机联系,材料研究开发的基本科学方法,材料设计与模拟,等 | |
| 606 | 0 | @a材料科学@x教材@x高等学校@x研究方法 |
| 606 | 0 | @a工程材料 |
| 690 | @aTB3@v4 | |
| 701 | 0 | @a戴起勋@Adai qi xun@4编著 |
| 701 | 0 | @a赵玉涛@Azhao yu tao@4编著 |
| 701 | 0 | @a罗启富@Aluo qi fu@4编著 |
| 801 | 0 | @aCN@bQSSK@c20051012 |
| 905 | @a10447@dTB3@eD127 | |
| 材料科学研究方法/戴起勋 … [等] 编著.-北京:国防工业出版社,2004.08 |
| 244页:图;26cm |
| ISBN 7-118-03535-1:CNY20.00 |
| 本书内容包括材料及研究方法的发展中,材料科学的共性,材料组成、制备、结构、性质、环境等要素间系统工程的有机联系,材料研究开发的基本科学方法,材料设计与模拟,等 |
| ● |
| 相关链接 |
|
|
|
正题名:材料科学研究方法
索取号:TB3/D127
 
预约/预借
| 序号 | 登录号 | 条形码 | 馆藏地/架位号 | 状态 | 备注 |
| 1 | 565776 | 205657760 | 自科库501/501自科库 8排2列3层/ [索取号:TB3/D127] | 在馆 | |
| 2 | 565777 | 205657779 | 自科库501/501自科库 8排2列3层/ [索取号:TB3/D127] | 在馆 | |
| 3 | 565778 | 205657788 | 自科库501/501自科库 8排2列3层/ [索取号:TB3/D127] | 在馆 |